[Event "Plzen op-A U18"]
[Site "Plzen"]
[Date "1996.??.??"]
[Round "8"]
[White "Voller, Jiri"]
[Black "Vavra, Pavel"]
[Result "0-1"]
[WhiteElo "2375"]
[BlackElo "2250"]
[PlyCount "82"]
[EventDate "1996.??.??"]
[EventRounds "9"]
[EventCountry "CZE"]
[Source "ChessBase"]
[SourceDate "1996.11.15"]

1. e4 e6 2. d4 d5 3. Nc3 Bb4 4. e5 b6 5. Qg4 Bf8 6. f4 Nc6 7. Qd1 Qd7 8. Nf3
Bb7 9. Bd2 h5 10. Bd3 Nh6 11. a3 O-O-O 12. Qe2 g6 13. g3 Be7 14. Nd1 Nf5 15. c3
Na5 16. Nf2 Kb8 17. O-O c5 18. Rad1 Bc6 19. Be3 Ba4 20. Rde1 Rc8 21. Nd2 c4 22.
Bxf5 gxf5 23. Nf3 Rcg8 24. Kh1 h4 25. Nxh4 Bxh4 26. gxh4 Rxh4 27. Rg1 Rgh8 28.
Rg2 Nc6 29. Kg1 Ne7 30. Nh1 Ng6 31. Qd2 Qd8 32. Ree2 Rh3 33. Rg5 Nh4 34. Rf2
Nf3+ 35. Rxf3 Rxf3 36. Ng3 Bc2 37. Qxc2 Rxe3 38. Qf2 Rd3 39. Qe2 Rg8 40. Rxg8
Qxg8 41. Kg2 Qg4 0-1

[Event "Plzen op-A U18"]
[Site "Plzen"]
[Date "1996.??.??"]
[Round "5"]
[White "Zugaj, Zvijezdana"]
[Black "Hitzgerova, Gabriela"]
[Result "1/2-1/2"]
[WhiteElo "1925"]
[BlackElo "2125"]
[PlyCount "149"]
[EventDate "1996.??.??"]
[EventRounds "9"]
[EventCountry "CZE"]
[Source "ChessBase"]
[SourceDate "1996.11.15"]

1. e4 c5 2. b3 Nc6 3. Bb2 e6 4. Nf3 d5 5. exd5 exd5 6. d4 Nf6 7. Bd3 Be7 8. O-O
O-O 9. h3 Nb4 10. a3 Nxd3 11. Qxd3 Ne4 12. Nbd2 Bf5 13. Qe3 Bf6 14. Ne5 Re8 15.
f4 Rc8 16. Rac1 Qa5 17. Nxe4 Bxe4 18. c3 Be7 19. b4 cxb4 20. axb4 Qb6 21. Ra1
Rc7 22. Qg3 Bf8 23. Kh1 f6 24. Ng4 Kh8 25. Ra5 a6 26. Ne3 Rd7 27. Qg4 Qe6 28.
Qxe6 Rxe6 29. Kg1 Be7 30. f5 Rc6 31. Kf2 Bd8 32. Ra3 Kg8 33. g4 Be7 34. Bc1 Bd6
35. Bd2 Kf7 36. h4 Rc8 37. Ra5 Be7 38. Rfa1 Rcd8 39. Ke2 Rc8 40. Be1 Ke8 41.
Bd2 Bd8 42. R5a3 Bb6 43. Rg1 Rf7 44. Kf2 Kd7 45. h5 Rg8 46. Nf1 g6 47. Ng3 gxf5
48. Nxf5 Bxf5 49. gxf5 Rxg1 50. Kxg1 Rg7+ 51. Kf2 Rg4 52. Ra1 Rh4 53. h6 Rh2+
54. Ke3 Rxh6 55. Rg1 Kc6 56. Rg7 Rh5 57. Rf7 Rxf5 58. Rxh7 Bc7 59. Be1 b6 60.
Bh4 Bf4+ 61. Ke2 Bg5 62. Bg3 Bf4 63. Bh4 Bc7 64. Rf7 Bd8 65. Ra7 a5 66. b5+ Kd6
67. Bg3+ Ke6 68. Bc7 Bxc7 69. Rxc7 Rh5 70. Rc6+ Ke7 71. Rxb6 Rh2+ 72. Ke3 Rb2
73. Kd3 f5 74. Rb7+ Kd6 75. Rf7 1/2-1/2

[Event "Plzen op-A U18"]
[Site "Plzen"]
[Date "1996.??.??"]
[Round "7"]
[White "Zugaj, Zvijezdana"]
[Black "Kovar, Vojtech"]
[Result "1-0"]
[WhiteElo "1925"]
[BlackElo "1905"]
[PlyCount "55"]
[EventDate "1996.??.??"]
[EventRounds "9"]
[EventCountry "CZE"]
[Source "ChessBase"]
[SourceDate "1996.11.15"]

1. e4 c5 2. b3 d6 3. Bb2 Nf6 4. Nc3 Nc6 5. Bb5 Bd7 6. d3 e6 7. f4 Be7 8. Nf3 a6
9. Bxc6 Bxc6 10. O-O d5 11. Qe1 Qc7 12. e5 Nh5 13. Ne2 g6 14. Qf2 Ng7 15. d4 c4
16. a4 b5 17. axb5 Bxb5 18. Nc3 O-O 19. g4 Qb7 20. Ba3 Bxa3 21. Rxa3 cxb3 22.
Rxb3 Qc6 23. Rfb1 Rfb8 24. Nh4 Qc8 25. Nxb5 axb5 26. Rxb5 Ra1 27. Rxb8 Rxb1+
28. Rxb1 1-0

[Event "Plzen op-A U18"]
[Site "Plzen"]
[Date "1996.??.??"]
[Round "1"]
[White "Zugaj, Zvijezdana"]
[Black "Rehak, Martin"]
[Result "0-1"]
[WhiteElo "1925"]
[BlackElo "2215"]
[PlyCount "64"]
[EventDate "1996.??.??"]
[EventRounds "9"]
[EventCountry "CZE"]
[Source "ChessBase"]
[SourceDate "1996.11.15"]

1. e4 c5 2. b3 Nf6 3. Nc3 Nc6 4. Bb2 d6 5. Bb5 Bd7 6. Nge2 a6 7. Bxc6 Bxc6 8.
d3 e6 9. O-O g6 10. h3 Bg7 11. Rb1 b5 12. Qe1 b4 13. Nd1 d5 14. e5 Nd7 15. f4
d4 16. Ng3 Bf8 17. Ne4 Be7 18. Ndf2 Nb6 19. Ng4 Nd5 20. Bc1 h5 21. Nh2 Nc3 22.
Nxc3 bxc3 23. Nf3 Qd5 24. Qf2 O-O-O 25. Ba3 a5 26. Rbe1 f6 27. exf6 Bxf6 28.
Ne5 Bh4 29. Qe2 Bxe1 30. Nf7 Bd2 31. Nxh8 Be3+ 32. Kh2 Rxh8 0-1

[Event "Plzen op-A U18"]
[Site "Plzen"]
[Date "1996.??.??"]
[Round "3"]
[White "Zugaj, Zvijezdana"]
[Black "Taus, Martin"]
[Result "0-1"]
[WhiteElo "1925"]
[BlackElo "2160"]
[PlyCount "88"]
[EventDate "1996.??.??"]
[EventRounds "9"]
[EventCountry "CZE"]
[Source "ChessBase"]
[SourceDate "1996.11.15"]

1. e4 e6 2. d3 d5 3. Nd2 c5 4. g3 Nf6 5. Bg2 Nc6 6. c3 Be7 7. Ne2 O-O 8. O-O
Rb8 9. a4 a6 10. f4 b5 11. e5 Nd7 12. Nf3 c4 13. Be3 cxd3 14. Qxd3 Nc5 15. Bxc5
Bxc5+ 16. Ned4 b4 17. Kh1 Qb6 18. Nxc6 Qxc6 19. Nd4 Qb6 20. a5 Qc7 21. Rfe1 Bd7
22. f5 Bxd4 23. Qxd4 bxc3 24. bxc3 exf5 25. Bxd5 Rb2 26. c4 Rfb8 27. e6 fxe6
28. Bxe6+ Bxe6 29. Rxe6 Rb1+ 30. Rxb1 Rxb1+ 31. Kg2 Qb7+ 32. Kh3 h6 33. Qd8+
Kh7 34. Qd3 Qf7 35. Rxh6+ Kxh6 36. Qxb1 Qh5+ 37. Kg2 Qe2+ 38. Kg1 Qe3+ 39. Kg2
Qd2+ 40. Kh3 Qxa5 41. Qc1+ g5 42. c5 Qa2 43. c6 Qf2 44. c7 Kh5 0-1